BIBLIOTECA

SENCICO

Cómo planificar los espacios de oficinas : Guía práctica para directivos y diseñadores (Registro nro. 2482)

Detalles MARC
000 -LEADER
fixed length control field 00780nam a2200253Ia 4500
005 - DATE AND TIME OF LATEST TRANSACTION
control field 20251020182543.0
008 - FIXED-LENGTH DATA ELEMENTS--GENERAL INFORMATION
fixed length control field 200515s9999 xx 000 0 und d
020 ## - INTERNATIONAL STANDARD BOOK NUMBER
International Standard Book Number 978-84-252-2424-9
082 ## - DEWEY DECIMAL CLASSIFICATION NUMBER
Classification number 747:70/M41
100 ## - MAIN ENTRY--PERSONAL NAME
Personal name Martens, Yuri
100 ## - MAIN ENTRY--PERSONAL NAME
Personal name Meel, Juriaan van
100 ## - MAIN ENTRY--PERSONAL NAME
Personal name Ree, Hermen Jan van
245 #0 - TITLE STATEMENT
Title Cómo planificar los espacios de oficinas : Guía práctica para directivos y diseñadores
260 ## - PUBLICATION, DISTRIBUTION, ETC.
Place of publication, distribution, etc. Barcelona
260 ## - PUBLICATION, DISTRIBUTION, ETC.
Name of publisher, distributor, etc. Gustavo Gili, SL
260 ## - PUBLICATION, DISTRIBUTION, ETC.
Date of publication, distribution, etc. 2010
300 ## - PHYSICAL DESCRIPTION
Extent 143 p.
300 ## - PHYSICAL DESCRIPTION
Other physical details il., graf., fot, col.
500 ## - GENERAL NOTE
General note 1 ejemplar
520 ## - SUMMARY, ETC.
Summary, etc. Guía práctica dirigida a aquellos directivos y diseñadores que quieran crear entornos laborales que funcionen eficazmente.
650 ## - SUBJECT ADDED ENTRY--TOPICAL TERM
Topical term or geographic name entry element OFICINAS
942 ## - ADDED ENTRY ELEMENTS (KOHA)
Koha item type Libros
Existencias
Fecha de la última vez que lo usaron Pago total Signatura topográfica completa Código de barras Precio efectivo desde Tipo de documento Estado perdido Estado dañado No es para préstamo Retirado Ubicación permanente Ubicación actual Fecha de adquisición
15/05/2020   747:70/M41 Bib-Lima15052482 15/05/2020 Libros         Biblioteca Central Lima Biblioteca Central Lima 15/05/2020